000 00868nam a22002297a 4500
005 20260209125537.0
008 260209b |||||||| |||| 00| 0 eng d
020 _a9789355738066
040 _cVITAP
082 _223rd Ed.
_a658.7 LAN
100 _aLangley, C. John
_917015
245 _aSupply Chain Management
_b: A Logistics Perspective
_c/ C. John Langley ... et al.
250 _a11th Ed.
260 _aNew Delhi
_bCengage Learning India Pvt. Ltd.
_c2025
300 _axxvi, 628p. : ill. ; 25cm
500 _aIt includes Index Pages.
650 0 _aDelivery of goods -- Management; Business logistics; Customer services -- Management; Physical distribution of goods -- Management; Customer services -- Management
_917016
700 _aNovack, Robert A.
_917017
700 _aGibson, Brian J.
_917018
700 _aCoyle, John, J.
_917019
942 _2ddc
_cBK
999 _c47247
_d47247